[Event "Dos Hermanas"]
[Site "Dos Hermanas"]
[Date "1993.??.??"]
[Round "1"]
[White "Yudasin, Leonid"]
[Black "Khalifman, Alexander"]
[Result "1-0"]
[WhiteElo "2610"]
[BlackElo "2630"]
[Annotator "Wedberg,T"]
[PlyCount "159"]
[EventDate "1993.04.??"]
[EventType "tourn"]
[EventRounds "9"]
[EventCountry "ESP"]
[EventCategory "14"]
[SourceTitle "CBM 036"]
[Source "ChessBase"]
[SourceDate "1993.10.01"]
[SourceVersion "1"]
[SourceVersionDate "1993.10.01"]
[SourceQuality "1"]

1. e4 e5 2. Nf3 Nc6 3. Bb5 a6 4. Ba4 Nf6 5. O-O Be7 6. Qe2 b5 7. Bb3 O-O 8. c3
d6 9. h3 Na5 (9... Be6 10. d4 Bxb3 11. axb3 exd4 12. cxd4 d5 13. e5 Ne4 14. Nc3
f5 15. exf6 Bxf6 16. Rd1 Re8 17. Be3 Qd6 18. Qc2 h6 19. Rac1 Nb4 20. Qb1 c6 21.
Ne2 Qf8 22. Nf4 Qf7 23. Nd3 Nxd3 24. Qxd3 {+/= Yudasin-Beljavskij, URS 1990})
10. Bc2 c5 11. d4 Qc7 (11... cxd4 12. cxd4 Qc7 13. Rd1 Bd7 14. Nc3 Rfc8 15. Bd3
h6 16. Nd5 $1 Nxd5 17. exd5 Bf6 18. Qe4 g6 19. Nh4 {-> +/- Marjanovic-Hon, Yug.
-Asia 1984}) 12. Rd1 Bd7 13. dxe5 dxe5 14. Nbd2 Rfd8 15. Nf1 Be6 $10 16. Rxd8+
Rxd8 17. Ng3 g6 18. Bg5 Nc4 19. Bb3 Ne8 20. Nf1 f6 21. Bh6 Bf7 22. N3h2 Ncd6
23. Ng4 (23. Bxf7+ Nxf7 24. Be3 $10) 23... c4 24. Bc2 Be6 25. Re1 Nf7 26. Bc1
Qc6 27. h4 b4 28. Nd2 a5 29. h5 a4 $15 {-><<} 30. hxg6 hxg6 31. cxb4 Bxb4 32.
Ne3 c3 33. bxc3 Qxc3 (33... Bxc3 $5) 34. a3 Ba5 (34... Bxa3 $4 35. Nb1 $18) 35.
Rd1 Bb3 36. Bxb3 axb3 37. Qb5 Ned6 38. Qa4 $5 (38. Qxb3 Qxb3 39. Nxb3 Nxe4 $10)
38... Rb8 (38... b2 $2 39. Bxb2 Qxb2 40. Qxa5 $16) 39. Ndc4 Nxc4 40. Nxc4 Qc2
41. Ne3 Qc3 42. Bd2 Qd4 43. Bb4 $1 (43. Qxa5 $4 b2 44. Rb1 Qxe4 $19) 43... b2
$2 (43... Qxe4 44. Qxa5 b2 45. Qc7 Rd8 $3 (45... Re8 46. Nc2 $18) 46. Rxd8+
Nxd8 47. Qxd8+ Kh7 48. Qd7+ Kh8 49. Qe8+ Kh7 50. Qf7+ Kh8 51. Qf8+ Kh7 52. Qf7+
$10) 44. Rxd4 exd4 45. Qb3 $16 dxe3 46. fxe3 Bxb4 47. axb4 Kf8 48. Qxb2 Ke7 49.
Qc3 Ne5 50. Qc5+ Ke6 51. Kf1 Nd7 52. Qc4+ Ke7 53. Ke2 Rb6 54. Kd2 Kd6 55. b5
Ke7 56. Kc3 Re6 57. Kb4 Re5 58. Ka5 Re6 59. Qb4+ Rd6 60. Qa3 Ne5 61. Qa2 Rd2
62. Qb3 Rd3 63. Qc2 Rd2 64. Qc5+ Rd6 65. Qc1 Nd7 66. Qh1 g5 67. Qh7+ Ke6 68.
Qg8+ Ke7 69. e5 Nxe5 70. b6 Rd7 71. Qc8 Rd2 72. Qc3 Rd5+ 73. Ka4 Rd8 74. b7 Nd7
75. Kb5 Rh8 76. Kc6 Nb8+ 77. Kc7 Na6+ 78. Kb6 Nb8 79. Qc7+ Ke6 80. Qc8+ 1-0

[Event "Dos Hermanas"]
[Site "Dos Hermanas"]
[Date "1993.??.??"]
[Round "3"]
[White "Khalifman, Alexander"]
[Black "Polgar, Judit"]
[Result "0-1"]
[WhiteElo "2630"]
[BlackElo "2595"]
[Annotator "Ftacnik,L"]
[PlyCount "92"]
[EventDate "1993.04.??"]
[EventType "tourn"]
[EventRounds "9"]
[EventCountry "ESP"]
[EventCategory "14"]
[SourceTitle "CBM 036"]
[Source "ChessBase"]
[SourceDate "1993.10.01"]
[SourceVersion "1"]
[SourceVersionDate "1993.10.01"]
[SourceQuality "1"]

1. d4 Nf6 2. Nf3 g6 3. c4 Bg7 4. Nc3 O-O 5. e4 d6 6. Be2 e5 7. O-O Nc6 8. d5
Ne7 9. Nd2 a5 10. a3 Nd7 11. Rb1 f5 12. b4 Kh8 13. f3 axb4 14. axb4 Ng8 15. Qc2
Bh6 16. c5 (16. Nb5 Ndf6 17. c5 Nh5 18. Nc4 Bd7 19. Nc3 $13 {
Dokhoian-Velikahli/Helsinki op/1992/}) 16... dxc5 17. Nb5 $5 (17. bxc5 Nxc5 18.
Nb5 b6 19. Bb2 Bg7 20. Nc4 Qe7 21. d6 cxd6 22. Nxb6 Rb8 $10 {Illescas,
M-Ivanovic,B/Manila izt/1990/}) 17... c6 18. dxc6 bxc6 19. Nd6 cxb4 20. exf5 (
20. Qxc6 Ra2 21. Qd5 Rc2 22. Rxb4 $16) 20... Ndf6 $1 21. Nxc8 (21. Qxc6 Be3+
22. Kh1 Bxf5 23. Nxf5 gxf5 24. Nc4 Bxc1 25. Rfxc1 $14) (21. N2c4 Bxf5 22. Nxf5
gxf5 23. Bb2 $36) 21... gxf5 $1 22. Nc4 (22. Qxf5 $2 Bxd2 23. Bxd2 Qxd2 24. Nb6
Qe3+ $19) 22... Bxc1 23. Rfxc1 Rxc8 24. Rxb4 Qd4+ 25. Kh1 Rcd8 26. Rb7 (26.
Qxf5 $2 Nd5) (26. Rd1 Qc5 27. Rb7 $13) 26... Nh5 $1 27. g3 (27. Rd1 Qh4 28.
Nxe5 $2 Ng3+ 29. Kg1 Rxd1+ 30. Qxd1 Qd4+ $1 31. Qxd4 Nxe2+ 32. Kf2 Nxd4 $19)
27... Rf6 $1 28. Rg1 (28. Rd1 Qf2 $1 29. Rxd8 Nxg3+ 30. hxg3 Rh6#) 28... Re8
29. Rbb1 Rh6 30. Kg2 (30. Qxf5 Qf2 $1) 30... Ree6 31. Bd3 (31. Qxf5 Nf4+ $1 32.
gxf4 Reg6+ 33. Kh1 Rxh2+ $1 34. Kxh2 Qf2+) 31... e4 32. fxe4 fxe4 33. Bf1 $6
Nhf6 34. Rd1 Ng4 $1 35. h4 (35. Rxd4 Rxh2#) 35... Qf6 36. Qe2 Qg7 37. Kh1 e3 (
37... Rhf6 38. Rg2 Rf3 $17) 38. Bh3 Nf2+ 39. Kh2 Re7 40. Nxe3 Nxd1 41. Rxd1 Qe5
42. Rd3 Rxh4 43. Qf3 Rh6 44. Rb3 Rf6 45. Qg2 h5 46. Qd2 Rf3 0-1

[Event "Dos Hermanas"]
[Site "Dos Hermanas"]
[Date "1993.??.??"]
[Round "7"]
[White "Khalifman, Alexander"]
[Black "Karpov, Anatoly"]
[Result "1/2-1/2"]
[WhiteElo "2630"]
[BlackElo "2725"]
[Annotator "Ftacnik,L"]
[PlyCount "85"]
[EventDate "1993.04.??"]
[EventType "tourn"]
[EventRounds "9"]
[EventCountry "ESP"]
[EventCategory "14"]
[SourceTitle "CBM 036"]
[Source "ChessBase"]
[SourceDate "1993.10.01"]
[SourceVersion "1"]
[SourceVersionDate "1993.10.01"]
[SourceQuality "1"]

1. Nf3 Nf6 2. c4 c5 3. Nc3 d5 4. cxd5 Nxd5 5. d4 e6 6. e4 Nxc3 7. bxc3 cxd4 8.
cxd4 Nc6 9. Bc4 Bb4+ 10. Bd2 Bxd2+ 11. Qxd2 O-O 12. O-O b6 13. Rad1 Na5 (13...
Bb7 14. Rfe1 (14. Qf4 Qf6 (14... Rc8 15. d5 exd5 16. exd5 Ne7 17. Rd4 Ng6 18.
Qg4 Qd6 19. Rfd1 Rcd8 20. Ng5 Bc8 21. Qh5 h6 22. Ne6 Bxe6 23. dxe6 Qxd4 24.
Rxd4 $16 {Forintos,Gy-Ostojic,Pr/Vrnjacka Banja/1973/1-0 (30)}) 15. Qe3 (15.
Qc7 Na5 16. Bd3 h6 17. Qg3 Rfd8 18. d5 $1 exd5 19. e5 Qe7 20. Rfe1 Nc4 21. h4
$6 Nb2 22. Nd4 Nxd1 23. Nf5 Qf8 24. e6 $1 $36 {Lputian,S-Cifuentes Parada,R/
Wijk aan Zee op/1993/0.5 (40)}) 15... Rfd8 16. e5 Qh6 17. Ng5 Nb4 18. f4 Rac8
19. Rc1 Bd5 20. Bxd5 Nxd5 21. Qf3 g6 22. g3 Qf8 23. Qb3 Qb4 24. Qxb4 $10 {
Rausis,I-Zhuravlev,V/Daugavpils/1990/0.5 (40)}) 14... Rc8 15. d5 Na5 (15...
exd5 16. Bxd5 Qc7 17. e5 Ne7 18. Bxb7 Qxb7 19. e6 fxe6 20. Ng5 Ng6 21. Rxe6 $14
{Nogueiras,J-Tal,M/Bruxelles/1988/}) 16. Bd3 Qd6 17. dxe6 Qxe6 18. Nd4 Qe5 $13
{Dokhoian-Webb/Memorial Petrosian/1989/}) 14. Bd3 (14. Be2 Bb7 15. d5 exd5 16.
exd5 Qf6 17. Qd4 Rad8 18. Qxf6 gxf6 19. d6 Rfe8 20. Rd2 Rxe2 21. Rxe2 Ba6 22.
Re7 Bxf1 23. Kxf1 Nc6 24. Rc7 $13 {Lauber,A-Ottmann,P/chU17 GER Steinsfurt (04)
/1992/1-0 (35)}) 14... Bb7 15. Qf4 (15. d5 exd5 16. e5 d4 17. Nxd4 (17. Ng5 h6
18. Nh7 Qh4 19. Nxf8 Bxg2 20. Kxg2 {0,5/Kamsky,G-Seirawan,Y/Buenos Aires
Najdorf (03)/1993/}) 17... Qd5 18. Qg5 h6 19. Qg3 Bc8 20. Bb1 Qc4 21. Qf3 Be6
22. Qe4 g6 23. Nxe6 Qxe6 24. Rd6 $14 {Lev,R-Onat,I/Haifa ETC (3)/1989/1-0 (65)}
) 15... Qf6 (15... f6 $5 16. d5 e5 17. Qg3 Qd6 18. Nh4 Bc8 $13) 16. Qg3 Qe7 (
16... Qg6 17. Qh4 Qf6 18. Qh3 Qh6 19. Qxh6 gxh6 20. Ne5 Rfd8 21. Bb1 Rd6 22.
Rd2 Rad8 23. Rfd1 $14) 17. d5 Rad8 (17... exd5 18. exd5 Rad8 19. Bxh7+ Kxh7 20.
Ng5+ Kh6 21. Qh4+ Kg6 22. Qh7+ Kf6 (22... Kxg5 23. f4+ Kf6 24. Qh4+ Kf5 25. g4+
Kg6 26. f5#) 23. Ne4+ $18) 18. e5 $1 Bxd5 (18... Rxd5 19. Bxh7+ Kxh7 20. Ng5+
Kg8 21. Qh4 Qxg5 22. Qxg5 $18) 19. Bxh7+ Kxh7 20. Rxd5 (20. Ng5+ Kg8 21. Rxd5 (
21. Qh4 Be4 $1 $19) 21... Rxd5) 20... Rxd5 21. Ng5+ Kg8 (21... Kh6 $2 22. Qh4+
Kg6 23. Qh7+ Kxg5 24. f4+ Kg4 25. Qh3#) (21... Kg6 22. Nxe6+ Kf5 23. Nxg7+ Ke4
24. Qe3#) 22. Qh4 Qxg5 $8 23. Qxg5 Nc6 (23... f6 24. Qg3 Rxe5 25. f4 Re4 26.
Rc1) (23... Nc4 $5 24. f4 Ne3 25. Re1 Nf5) 24. f4 Nd4 25. h4 (25. g4 Rc8 26. f5
Rxe5) 25... Rc8 $15 26. Qg4 Nf5 27. Re1 Rc4 28. h5 Rdd4 29. Qf3 (29. g3 $2 Rc3
$17) 29... Rxf4 30. Qa8+ Kh7 31. Qxa7 Rg4 (31... Nd4 32. Qa3 (32. Qxb6 $2 Rc1
$3 33. Rxc1 $140 Ne2+ 34. Kh2 Rh4#) 32... Rc2 $44) (31... Rc2 32. Qxf7 Rxg2+
33. Kxg2 Nh4+ 34. Kg3 Rxf7 35. Kxh4 Rf5 $10) 32. Qxf7 Rc2 33. Qb7 Nh4 34. Kf1
Nxg2 $6 (34... Rf4+ $1 35. Kg1 Rxa2 $1 36. Kh2 $1 (36. Qc6 Rxg2+ 37. Kh1 Rg5
38. Qxe6 Nf3 $19) (36. Qxb6 Rxg2+ 37. Kh1 Rf3 $19) 36... Rxg2+ 37. Kh3 Rc2 (
37... Rgf2 38. Re4) 38. Kg3) 35. Re4 Rg5 (35... Nf4 36. Rd4 (36. Qxb6 Rh4 37.
Qg1 Rg2) 36... Rh4 37. Qe4+ Kh6 38. Qxc2 Rh1+ 39. Kf2 Rh2+ 40. Ke3 Rxc2 41.
Kxf4 Kxh5 42. Rd6 $17) 36. Qe7 Rf5+ (36... Rxh5 37. Kg1 Rh6 38. Rg4) 37. Kg1
Nf4 38. Rxf4 $1 (38. Qh4 Ne2+ (38... Rg5+ 39. Kf1 Rxh5 $17) 39. Kh1 Kh6) 38...
Rxf4 39. Qxe6 Rcc4 40. Qg6+ Kh8 41. Qe8+ Kh7 42. Qg6+ Kh8 43. Qe8+ 1/2-1/2

[Event "Dos Hermanas"]
[Site "Dos Hermanas"]
[Date "1993.??.??"]
[Round "9"]
[White "Khalifman, Alexander"]
[Black "Magem Badals, Jordi"]
[Result "1/2-1/2"]
[WhiteElo "2630"]
[BlackElo "2510"]
[Annotator "Ftacnik,L"]
[PlyCount "41"]
[EventDate "1993.04.??"]
[EventType "tourn"]
[EventRounds "9"]
[EventCountry "ESP"]
[EventCategory "14"]
[SourceTitle "CBM 036"]
[Source "ChessBase"]
[SourceDate "1993.10.01"]
[SourceVersion "1"]
[SourceVersionDate "1993.10.01"]
[SourceQuality "1"]

1. d4 d5 2. Nf3 Nf6 3. c4 dxc4 4. Nc3 e6 5. e4 Bb4 6. Bg5 c5 7. e5 h6 8. Bd2
Bxc3 (8... cxd4 9. exf6 dxc3 10. bxc3 Bf8 11. fxg7 Bxg7 12. Bxc4 (12. Bxc4 $14)
12... Nc6 (12... Bd7 $6 13. O-O Bc6 14. Re1 $1 Bd5 $6 15. Bxh6 $1 Rxh6 16. Bxd5
Nc6 17. Rb1 Qc7 18. Qa4 O-O-O $5 19. Bxc6 Qxc6 20. Qxa7 Rg6 21. Qe3 Rd5 22. g3
Rg4 23. Rb6 Qd7 24. Rb4 $16 {Lukacs,P-Horvath,Cs/HUN-ch/1989/}) 13. O-O O-O 14.
Qe2 Qf6 15. Rad1 (15. Rfe1 e5 16. Bd5 Re8 17. Rab1 Rb8 18. c4 e4 19. Bxe4 Bf5
20. Qd3 Rbd8 21. Qc2 {0,5/De Boer,GJ-Bosman,M/Dieren op (8)/1989/}) 15... e5
16. Bd3 Bf5 17. Bxf5 Qxf5 18. Nh4 Qe6 19. Bc1 Rad8 20. Qh5 Rxd1 21. Rxd1 f5 22.
h3 f4 23. Qg4 Qxg4 $14 {Khalifman,A-Georgiev,Kir/Moskva GMA/1990/}) (8... Nd5
9. Bxc4 (9. Ne4 $5 cxd4 10. Bxb4 Nxb4 11. Nd6+ Ke7 12. a3 Nd5 13. Qxd4 Nc6 14.
Qc5 Qa5+ 15. Qxa5 Nxa5 $10) 9... Nb6 $5 10. Bb5+ Bd7 11. Bxd7+ N6xd7 $1 $8 12.
Ne4 Bxd2+ 13. Qxd2 O-O 14. dxc5 Qc7 15. Qc3 Qc6 16. Nd6 Qxc5 17. Qxc5 Nxc5 18.
Ke2 Nc6 19. Rac1 b6 20. Rc4 Ne7 $1 $10 {Polugaevsky,L-Petursson,M/New York/
1989/0.5 (23)}) 9. bxc3 (9. Bxc3 Ne4 $13) 9... Ne4 10. Bxc4 O-O (10... Nc6 11.
O-O O-O 12. Be1 Ng5 13. Nxg5 hxg5 14. Qe2 cxd4 15. Rd1 Qc7 16. cxd4 Rd8 17. Bc3
Ne7 18. Rc1 Nf5 19. Bd3 Qe7 20. f4 $6 Nxd4 $1 21. Qb2 $1 Nf5 22. Bxf5 exf5 23.
e6 fxe6 24. fxg5 $44 {Dreev,A-Georgadze,G/Tbilisi/1989/1-0 (41)}) 11. O-O Nxd2
12. Qxd2 Nc6 13. Bd3 (13. Rfe1 cxd4 14. cxd4 Ne7 15. Re4 b6 16. Rg4 Kh8 17. Rh4
Ng8 18. d5 Bb7 19. Rd4 Bxd5 20. Bxd5 exd5 21. Rxd5 Qe8 22. Rd1 Ne7 23. Rd7 Nc6
24. Qc3 $14 {Garcia Ilundain,D-De la Villa Garcia,J/Leon (06)/1992/0.5 (28)}) (
13. Rab1 cxd4 14. cxd4 b6 15. Bd3 Bb7 16. Bc2 Rc8 17. Qd3 g6 18. Bb3 Kg7 19.
Rbc1 Nb4 20. Qd2 Qe7 21. h3 Bxf3 22. gxf3 a5 23. f4 Qb7 24. Kh2 $17 {Farago,
I-Fauland,A/Budapest Noviki-A (3)/1990/0-1 (32)}) 13... cxd4 14. cxd4 b6 15.
Qf4 Bb7 16. Qe4 $6 (16. Rad1 Nb4 17. Bb1 Rc8 $13) 16... g6 17. Qf4 Nb4 $1 18.
Qxh6 (18. Bb1 Bxf3 19. gxf3 Qg5+ 20. Qxg5 hxg5 $10) 18... Bxf3 (18... Nxd3 $2
19. Ng5 $18) 19. Bxg6 fxg6 20. Qxg6+ Kh8 21. Qh6+ (21. Qh6+ Kg8 22. gxf3 Rxf3
23. Qxe6+ (23. Kh1 Qd5 $1) 23... Kh7 $15) 1/2-1/2

[Event "Las Palmas"]
[Site "Las Palmas"]
[Date "1993.??.??"]
[Round "3"]
[White "Rivas Pastor, Manuel"]
[Black "Khalifman, Alexander"]
[Result "0-1"]
[WhiteElo "2530"]
[BlackElo "2645"]
[Annotator "Khalifman,A"]
[PlyCount "92"]
[EventDate "1993.06.??"]
[EventType "tourn"]
[EventRounds "9"]
[EventCountry "ESP"]
[EventCategory "16"]
[SourceTitle "CBM 036"]
[Source "ChessBase"]
[SourceDate "1993.10.01"]
[SourceVersion "1"]
[SourceVersionDate "1993.10.01"]
[SourceQuality "1"]

1. d4 Nf6 2. c4 g6 3. Nc3 Bg7 4. e4 d6 5. Nf3 O-O 6. Be3 Na6 7. h3 e5 8. d5 Nc5
9. Nd2 a5 10. g4 (10. a3 Ne8 11. b4 axb4 12. axb4 Rxa1 13. Qxa1 Nd7 $13) 10...
c6 (10... Ne8 11. h4 $14) 11. Be2 Bd7 (11... cxd5 $5 12. cxd5 Bd7 $13) (11...
a4 $5 12. Bxc5 dxc5 13. Nxa4 Bh6 $44) 12. h4 cxd5 13. exd5 $5 a4 14. g5 Ne8 15.
Bxc5 (15. Nde4 $5 Nxe4 16. Nxe4) 15... dxc5 16. Nde4 a3 17. Qb3 (17. b3 f5 $1
$132) 17... b6 18. h5 Bf5 19. d6 $5 (19. bxa3 Nd6 $36) 19... axb2 20. Qxb2 (20.
Rd1 $5 b1=Q 21. Qxb1 Nxd6 22. Rxd6 (22. O-O Nxe4 $1 23. Rxd8 Nxc3 24. Rxf8+
Kxf8 $44) 22... Qxd6 23. Nxd6 Bxb1 24. Nxb1 Rxa2 $14) 20... Nxd6 $1 (20... Ra7
21. Rd1 Rd7 22. Qd2 Nxd6 23. Nxd6 e4 24. Ncb5 Bd4 (24... Be5 25. Qd5 $16) 25.
Qf4 $16) 21. Rd1 Nxe4 22. Rxd8 Rfxd8 23. Nd5 (23. Nxe4 Bxe4 $44) 23... Be6 $2 (
23... Nxg5 $44) 24. hxg6 (24. Nc7 $1) 24... hxg6 25. Rg1 $2 (25. Nc7 Rd2 26.
Qxd2 Nxd2 27. Nxa8 Nxc4 28. Nc7 $14) 25... Bxd5 $1 26. cxd5 Rdb8 $1 $17 27. Bb5
Nd6 28. Bc6 e4 29. Qc2 Ra5 30. Rg4 c4 31. a4 Rc5 32. Kf1 c3 33. Kg2 Rc8 34. f3
$2 $138 e3 35. Kf1 Nf5 $19 36. Bd7 Rd8 37. Bc6 (37. Bxf5 gxf5 38. Rg2 Rcxd5 $19
) 37... Nd4 38. Rxd4 Bxd4 39. Ke2 Rc4 40. Kd3 Rb4 41. Qc1 Rc8 42. f4 Kg7 43.
Bb5 c2 44. d6 Bb2 45. d7 Rc3+ 46. Ke2 Rd4 0-1

[Event "Las Palmas"]
[Site "Las Palmas"]
[Date "1993.??.??"]
[Round "4"]
[White "Anand, Viswanathan"]
[Black "Khalifman, Alexander"]
[Result "1-0"]
[WhiteElo "2710"]
[BlackElo "2630"]
[Annotator "Stohl,I"]
[PlyCount "67"]
[EventDate "1993.06.??"]
[EventType "tourn"]
[EventRounds "9"]
[EventCountry "ESP"]
[EventCategory "16"]
[SourceTitle "CBM 036"]
[Source "ChessBase"]
[SourceDate "1993.10.01"]
[SourceVersion "1"]
[SourceVersionDate "1993.10.01"]
[SourceQuality "1"]

1. e4 d6 2. d4 g6 3. Nc3 Bg7 4. Be3 a6 5. Qd2 b5 6. a4 b4 7. Nd1 (7. Na2 $6 a5
8. c3 Nf6 9. f3 bxc3 10. Nxc3 O-O 11. Bd3 Na6 12. Nge2 Nb4 13. Bb1 Ba6 14. O-O
Nd7 15. Rd1 c5 $15 {Lauk,U-Sokolovs,A/Vilnius zt/1993/}) (7. Nce2 a5 8. c3 Nf6
9. f3 Nc6 10. Ng3 O-O 11. Bb5 (11. Bd3 $142 $5) 11... bxc3 12. bxc3 Bd7 13.
N1e2 Na7 14. Bd3 Nc8 15. O-O Nb6 16. Bh6 Nxa4 17. Bxg7 Kxg7 18. e5 Ng8 19. f4
e6 20. Ne4 $44 {Adams,M-Lobron,E/Brussels SWIFT/1992/}) 7... a5 8. c3 bxc3 (
8... Nf6 9. f3 bxc3 10. Nxc3 O-O 11. Bc4 $5 Nc6 12. Nge2 Nb4 13. d5 c6 14. dxc6
Nxc6 15. O-O Ne5 16. Bb5 Bb7 17. Rad1 Rc8 18. b3 $13 {Dueckstein,A-Watson,W/
Haifa EUchT/1989/}) 9. bxc3 Nf6 (9... Nd7 10. Bd3 Ba6 $1 11. Bxa6 Rxa6 12. Ne2
Ngf6 13. f3 O-O 14. O-O Qa8 15. Nf2 Rb8 16. Nd3 Rab6 17. c4 c5 $1 $44 {Ernst,
T-Reeh,O/Gausdal/1990/}) 10. f3 c6 (10... O-O $5 11. Bd3 (11. h4 $5 h5 12. Nh3
$13) 11... Nbd7 12. Ne2 c6 13. O-O e5 $132) 11. Bh6 {N} (11. h4 h5 12. Nf2 Na6
13. Ngh3 Nc7 14. Ng5 Ne6 15. Be2 Nxg5 16. hxg5 Nd7 17. g4 $36 {Van der Wiel,
J-Zaitshik,G/Katerini/1992/}) 11... O-O $6 (11... Bxh6 $142 12. Qxh6 e5 $5 $132
) 12. h4 $1 $36 e5 13. h5 Re8 (13... Nxh5 $6 14. g4 (14. Bxg7 $2 Kxg7 15. g4
Nf4 $15) 14... Nf6 (14... Nf4 15. Qh2 $16) 15. Bxg7 Kxg7 16. Qh6+ Kh8 17. Nh3
$40 {/\Ng5}) 14. hxg6 fxg6 15. Bxg7 Kxg7 16. Nf2 $36 {׻} Ra7 17. Rb1 Be6 (
17... Ba6 $5 $14 {/\} 18. dxe5 Rxe5) 18. dxe5 dxe5 19. Qh6+ Kg8 20. Ngh3 Qe7 (
20... Bxh3 21. Nxh3 $16 {/\Bc4,><e5,<->b,h}) 21. Ng5 $40 Ba2 22. Rb2 Qa3 23.
Rxa2 $1 $8 Qxa2 24. Nxh7 $1 Nxh7 (24... Qa1+ 25. Nd1 Nxh7 (25... Rxh7 26. Qxg6+
Rg7 27. Bc4+ $18) 26. Qxg6+ Kf8 27. Bc4 $1 $40 (27. Rxh7 Rxh7 28. Qxh7 Qxa4
$132)) (24... Rxh7 25. Qxg6+ Rg7 26. Qxf6 $16) 25. Qxg6+ Kf8 26. Rxh7 Rxh7 27.
Qxh7 Qg8 (27... Qxa4 28. Ng4 Qa1+ 29. Kf2 Qxc3 30. Nh6 $1 Qb3 (30... Qd2+ 31.
Be2 Qf4 32. Nf5 Qg5 33. Bc4 $18) 31. Nf5 Qf7 32. Qh6+ Kg8 33. Bc4 $1 $18) (
27... Qe6 $5 $16) 28. Qh4 Nd7 29. Ng4 Qb3 $6 30. Qh6+ Ke7 31. Qxc6 $18 Qb1+ 32.
Kf2 Qb2+ 33. Be2 Rb8 34. Nxe5 $1 (34. Nxe5 Nxe5 35. Qc5+ Ke6 36. Qd5+ Kf6 37.
Qd6+ Kf7 38. Qxe5 $18 {->}) 1-0

[Event "Interzonal-16"]
[Site "Biel"]
[Date "1993.??.??"]
[Round "1"]
[White "Hellers, Ferdinand"]
[Black "Khalifman, Alexander"]
[Result "0-1"]
[WhiteElo "2560"]
[BlackElo "2645"]
[Annotator "Khalifman,A"]
[PlyCount "90"]
[EventDate "1993.07.16"]
[EventType "swiss"]
[EventRounds "13"]
[EventCountry "SUI"]
[SourceTitle "CBM 037"]
[Source "ChessBase"]
[SourceDate "1993.12.01"]
[SourceVersion "1"]
[SourceVersionDate "1993.12.01"]
[SourceQuality "1"]

1. e4 {Wedberg} c6 2. d4 d5 3. Nc3 dxe4 4. Nxe4 Nd7 5. Bc4 Ngf6 6. Ng5 e6 7.
Qe2 Nb6 8. Bd3 h6 9. N5f3 c5 10. Be3 a6 11. c3 Qc7 12. Ne5 Nbd5 13. Ngf3 Bd6
14. O-O b5 $5 $146 (14... b6) (14... O-O) (14... cxd4 {Wedberg} 15. Bxd4 Nf4
16. Qd2 Nxd3 17. Nxd3 $14) 15. Bd2 (15. a4 $5 {Wedberg}) 15... Bb7 (15... cxd4
$5 16. cxd4 Bb7) 16. Rac1 (16. dxc5 $5 Bxc5 17. a4) (16. a4 $5 {Wedberg} c4 (
16... b4 17. dxc5 Bxc5 18. cxb4 Bxb4 (18... Nxb4 19. Bxb4 Bxb4 20. Bb5+ $1 $16)
19. Rfc1 $16) (16... cxd4 17. axb5 $16) 17. Bc2 O-O 18. h3 $14 {/\ Nh2-g4,
->>>, >< h6}) 16... cxd4 17. cxd4 $6 (17. c4 $5 bxc4 18. Rxc4 $36 (18. Rxc4 {
Wedberg} Qb8 19. Rxd4 $14 {/\ Rh4 ->})) 17... Qb6 $10 18. a3 $6 O-O 19. Rfe1 (
19. g4 $5 {Wedberg}) 19... Ne7 20. h3 $6 Rad8 21. Rcd1 Nf5 $1 $15 22. Bb1 Bd5
23. Bc1 Qb7 24. g4 $6 {diagram} (24. Qf1 $13 {Wedberg /\ Nh2-g4}) 24... Bxe5
25. Nxe5 Nh4 $1 $17 26. Qd3 (26. g5 Bf3 $19) (26. Rd3 {Wedberg} Be4 $17 27. g5
$2 Bxd3 28. Qxd3 Qg2#) 26... Bf3 (26... Bb3 $2 27. Qg3 $13) 27. Rd2 Bxg4 $1 28.
Qg3 Nf5 29. Qf4 (29. Qg2 Qxg2+ 30. Kxg2 Nh4+ 31. Kg3 Bf5 $19) 29... Bxh3 30. f3
Ne7 31. Qg3 Bf5 32. Rg2 Nh5 33. Qh4 Bxb1 34. Qxh5 Bg6 $19 35. Qg4 Qd5 36. Be3
Rc8 37. Kh2 Rc7 38. Reg1 Rfc8 39. Bf2 Rc2 40. Bh4 Nf5 41. Nxg6 fxg6 42. Qxg6
Qxf3 43. Qxe6+ Kh8 44. Qg6 Qf4+ 45. Bg3 Nxg3 0-1

[Event "Interzonal-16"]
[Site "Biel"]
[Date "1993.??.??"]
[Round "2"]
[White "Khalifman, Alexander"]
[Black "Rogers, Ian"]
[Result "1/2-1/2"]
[WhiteElo "2645"]
[BlackElo "2595"]
[Annotator "Hertneck,G"]
[PlyCount "38"]
[EventDate "1993.07.16"]
[EventType "swiss"]
[EventRounds "13"]
[EventCountry "SUI"]
[SourceTitle "CBM 037"]
[Source "ChessBase"]
[SourceDate "1993.12.01"]
[SourceVersion "1"]
[SourceVersionDate "1993.12.01"]
[SourceQuality "1"]

1. d4 d5 2. c4 c6 3. Nc3 Nf6 4. Nf3 dxc4 5. a4 Bg4 6. Ne5 Bh5 7. f3 Nfd7 8.
Nxc4 e5 9. g3 $5 Qe7 $1 (9... Bb4 10. dxe5 O-O $44 (10... O-O 11. Bh3 $16 (11.
Qd4))) (9... exd4 10. Qxd4 $16 {><d6}) (9... f6 10. dxe5 Nxe5 11. Qxd8+ Kxd8
12. Nxe5 fxe5 13. Bg5+ $16) 10. Bh3 $1 (10. Ne4 $2 Qb4+ $17) (10. dxe5 $6 Nxe5
11. Nxe5 Qxe5 12. g4 Bg6 13. f4 Qe7 14. f5 Qh4+ 15. Kd2 Na6 $17) (10. Qb3 $6
exd4 11. Qxb7 Nb6 $15) (10. d5 $5 Qb4 $13) 10... Bg6 (10... Na6 $2 11. dxe5 $18
) (10... exd4 $6 11. Qxd4 Bxf3 $2 12. Rf1 (12. O-O $2 Qc5 $1) 12... Bh5 13. Ne4
$18) (10... f6 11. b3 $5 (11. d5 $14) 11... Qb4 12. Bd2 $16) 11. O-O (11. dxe5
$5 Nxe5 12. Nxe5 Qxe5 13. Bf4 (13. Bc8 $6 Qc7 $10) 13... Qe7 $8 (13... Qa5 $4
14. Bxb8 $18) 14. Qb3 (14. O-O $14) 14... Na6 15. Rd1 (15. Nd5 Nc5 $1) 15...
Nc5 16. Qc4 $14) (11. d5 $14) 11... exd4 12. Qxd4 Nc5 (12... Qc5 13. Be3 $14)
13. Qd1 $6 (13. Ra3 Ne6) (13. Rd1 Nb3 14. Qf4 Qf6 $8 (14... Qc5+ 15. Be3 $18) (
14... Qb4 15. Qe5+ $18) (14... Nxa1 15. Nd6+ $18) 15. Qxf6 (15. Qc7 Bc5+ 16.
Kg2 O-O 17. Qxb7 Nxa1 18. Qxa8 Qe7 $13) 15... gxf6 16. Bc8 $5 $14 {Rogers,I})
13... Nba6 14. e4 (14. Bf4 Rd8 15. Qe1 Ne6 $15) 14... Rd8 15. Qe2 Nb3 16. Rb1
Qc5+ $1 $132 (16... Nd4 17. Qf2 Qc5 18. Ne3 Nb4 19. Rd1 Be7 $15) 17. Be3 Nd4
18. Bxd4 Rxd4 19. Ne3 Be7 1/2-1/2